000 00679nam a2200229 a 4500
999 _c11321
_d11321
001 11321
003 BD-JhCC
005 20190825084314.0
008 190625s 2010bg |||| ||a| 000 0 ben d
020 _a9847016200977
035 _a(BD-JhCC)11321
040 _aBD-JhCC
_dBD-JhCC
041 _aben
082 _a891.443
_bHOQ 2010
100 _aহক, আনিসুল
245 _aরম্য কলাম /
_cআনিসুল হক ।
260 _aঢাকা:
_bপার্ল পাবলিকেশন্স;
_c২০১০.
300 _a৯১ পৃ. :
_c২২ সেমি.
650 _aBengali Novel
942 _2ddc
_cBK